| 000 | 00499nam a22001817a 4500 | ||
|---|---|---|---|
| 003 | CEME | ||
| 005 | 20210628203923.0 | ||
| 008 | 210308b xxu||||| |||| 00| 0 eng d | ||
| 020 | _a0-471-15608-6 | ||
| 040 | _c. | ||
| 082 | _a532.05 CHO'I | ||
| 100 |
_aChow, Chuen Yen _967855 |
||
| 245 | _aAn introduction to computational fluid mechanics | ||
| 260 |
_aNEWYORK _bJOHN WILEY _c1979 |
||
| 300 | _aXII, 396P | ||
| 650 |
_aFLID MECHANICS FLUID MECHANICS DATA PROCESSING _967856 |
||
| 942 |
_cBK _2ddc |
||
| 999 |
_c575542 _d575542 |
||